[Event "Copenhagen Chess Challenge 2011"]
[Site "Ballerup"]
[Date "2011.05.20"]
[Round "5"]
[White "Danielsen, Henrik"]
[Black "Teplyi, Igor"]
[Result "1-0"]
[WhiteElo "2545"]
[BlackElo "2387"]
[PlyCount "65"]
[EventDate "2011.??.??"]
[EventType "swiss"]
[EventRounds "9"]
[EventCountry "DEN"]

1. g3 g6 2. Bg2 Bg7 3. c4 Nf6 4. Nc3 O-O 5. Nf3 d5 6. cxd5 Nxd5 7. O-O Nc6 8.
d4 Nb6 9. e3 Re8 10. Re1 a5 11. h3 a4 12. Nd2 e5 13. d5 Nb4 14. Ndb1 c6 15. e4
cxd5 16. exd5 Bf5 17. Na3 Nd3 18. Re2 h5 19. Be3 e4 20. Rd2 Ne5 21. Bxb6 Qxb6
22. Nxe4 Bh6 23. Re2 g5 24. d6 Re6 25. Qd5 g4 26. Nc5 Ra5 27. Rxe5 Rxe5 28.
Qxe5 Rxc5 29. Qe8+ Bf8 30. d7 Bxd7 31. Qxd7 Qxb2 32. Rd1 gxh3 33. Bd5 1-0

[Event "Copenhagen Chess Challenge 2011"]
[Site "Ballerup"]
[Date "2011.05.20"]
[Round "5"]
[White "Tikkanen, Hans"]
[Black "Bromann, Thorbjorn"]
[Result "1-0"]
[WhiteElo "2560"]
[BlackElo "2405"]
[PlyCount "161"]
[EventDate "2011.??.??"]
[EventType "swiss"]
[EventRounds "9"]
[EventCountry "DEN"]

1. d4 e6 2. c4 f5 3. e3 Nf6 4. Bd3 d5 5. Ne2 c6 6. O-O Bd6 7. f3 O-O 8. Nbc3
Kh8 9. Qe1 dxc4 10. Bxc4 e5 11. dxe5 Bxe5 12. Qh4 Nfd7 13. Qxd8 Rxd8 14. Rd1
Re8 15. Nd4 Nf6 16. a4 a5 17. Bf7 Rd8 18. Bd2 Na6 19. Nce2 Nc7 20. Bxa5 Rf8 21.
Bxc7 Bxc7 22. Bb3 Re8 23. Kf2 Bb6 24. Bc4 Ra5 25. b4 Rae5 26. Ra3 c5 27. bxc5
Bxc5 28. Rc3 Bd7 29. Bb3 b6 30. Nc2 b5 31. axb5 Bxb5 32. Ned4 Bd7 33. Rdd3 g5
34. Kf1 Bb6 35. Nc6 Rc5 36. Rxc5 Bxc5 37. N6d4 Kg7 38. Bc4 Bc8 39. Rc3 Bd6 40.
Bd3 Nd5 41. Rc6 Bxh2 42. Bxf5 Bb7 43. Re6 Rxe6 44. Nxe6+ Kf6 45. e4 Ne7 46. Nc5
Nxf5 47. Nxb7 Ng3+ 48. Kf2 Nh1+ 49. Kf1 Ng3+ 50. Ke1 Nh5 51. Nc5 Bg3+ 52. Kf1
Bd6 53. Nd3 Ng3+ 54. Kf2 Nh1+ 55. Kg1 Ng3 56. Ne3 h5 57. Kf2 Nh1+ 58. Ke1 Ng3
59. Nf1 Nh1 60. Kd2 Ke6 61. Kc3 Bb8 62. Nc5+ Kd6 63. Kc4 Ba7 64. Nb3 Ke6 65.
Nd4+ Bxd4 66. Kxd4 Nf2 67. Ne3 h4 68. Ng4 Nh1 69. Ke3 Ng3 70. Nf2 Nf1+ 71. Kd4
Nh2 72. Kd3 Nf1 73. Nh3 Kf6 74. Kd4 Ke6 75. Nf2 Kf6 76. e5+ Kf5 77. Ne4 Nh2 78.
Kd5 g4 79. e6 Kg6 80. e7 Kf7 81. Kd6 1-0

[Event "Copenhagen Chess Challenge 2011"]
[Site "Ballerup"]
[Date "2011.05.20"]
[Round "5"]
[White "Skytte, Rasmus"]
[Black "Bulski, Krzysztof"]
[Result "1/2-1/2"]
[WhiteElo "2399"]
[BlackElo "2482"]
[PlyCount "22"]
[EventDate "2011.??.??"]
[EventType "swiss"]
[EventRounds "9"]
[EventCountry "DEN"]

1. e4 c5 2. Nf3 e6 3. c3 Nf6 4. d3 Nc6 5. g3 d5 6. Nbd2 Be7 7. Bg2 O-O 8. O-O
b5 9. Re1 b4 10. exd5 exd5 11. c4 Re8 1/2-1/2

[Event "Copenhagen Chess Challenge 2011"]
[Site "Ballerup"]
[Date "2011.05.20"]
[Round "5"]
[White "Haub, Thorsten Michael"]
[Black "Porte, Henrik"]
[Result "1-0"]
[WhiteElo "2459"]
[BlackElo "2128"]
[PlyCount "65"]
[EventDate "2011.??.??"]
[EventType "swiss"]
[EventRounds "9"]
[EventCountry "DEN"]

1. g3 d5 2. Bg2 Nf6 3. d3 e6 4. Nf3 b6 5. O-O Bb7 6. Nbd2 Be7 7. e4 dxe4 8.
dxe4 O-O 9. Qe2 c5 10. e5 Nfd7 11. Ne4 Qc7 12. Bf4 Ba6 13. c4 Nc6 14. Rad1 Rad8
15. Nf6+ Bxf6 16. exf6 e5 17. fxg7 Rfe8 18. Bg5 Rb8 19. Nh4 Nd4 20. Qg4 Bxc4
21. Be4 Be6 22. Nf5 Nxf5 23. Bxf5 Bxf5 24. Qxf5 Rb7 25. Rd5 c4 26. Rfd1 Re6 27.
Rxd7 Qxd7 28. Rxd7 Rxd7 29. Bf6 e4 30. Qf4 Rdd6 31. Be5 Rd5 32. Bc3 Rdd6 33. h4
1-0

[Event "Copenhagen Chess Challenge 2011"]
[Site "Ballerup"]
[Date "2011.05.20"]
[Round "5"]
[White "Thorhallsson, Throstur"]
[Black "Andersen, Mads"]
[Result "0-1"]
[WhiteElo "2392"]
[BlackElo "2431"]
[PlyCount "72"]
[EventDate "2011.??.??"]
[EventType "swiss"]
[EventRounds "9"]
[EventCountry "DEN"]

1. e4 c5 2. Nf3 e6 3. d4 cxd4 4. Nxd4 Nc6 5. Nc3 Qc7 6. Be3 a6 7. Be2 Nf6 8. a3
Be7 9. f4 d6 10. g4 d5 11. e5 Ne4 12. Nxe4 dxe4 13. O-O Bd7 14. c3 O-O 15. Nb3
Na7 16. Qe1 b6 17. Qf2 Nc8 18. Nd2 Bc6 19. Qg2 Qb7 20. f5 exf5 21. gxf5 f6 22.
Nc4 Kh8 23. Rad1 Bb5 24. Rf4 Qc7 25. b3 fxe5 26. Rxe4 Bc6 27. Bf3 Bxe4 28. Bxe4
Rb8 29. f6 gxf6 30. Qh3 Bd6 31. Nxd6 Nxd6 32. Rxd6 f5 33. Rd2 Qxc3 34. Bd5 f4
35. Bxf4 Qa1+ 36. Kg2 Rxf4 0-1

[Event "Copenhagen Chess Challenge 2011"]
[Site "Ballerup"]
[Date "2011.05.20"]
[Round "5"]
[White "Pedersen, Steffen"]
[Black "Molvig, Henrik"]
[Result "1/2-1/2"]
[WhiteElo "2441"]
[BlackElo "2180"]
[PlyCount "69"]
[EventDate "2011.??.??"]
[EventType "swiss"]
[EventRounds "9"]
[EventCountry "DEN"]

1. d4 Nf6 2. c4 g6 3. Nc3 Bg7 4. e4 d6 5. h3 O-O 6. Bg5 c5 7. d5 h6 8. Be3 e6
9. Nf3 exd5 10. exd5 Re8 11. Bd3 Nbd7 12. O-O Nf8 13. Qd2 Kh7 14. Rab1 Bf5 15.
Bxf5 gxf5 16. Qc2 Ne4 17. Nxe4 fxe4 18. Nd2 f5 19. f3 Ng6 20. fxe4 fxe4 21.
Rbe1 Re5 22. Bf2 Qe7 23. Rxe4 Rxe4 24. Qxe4 Be5 25. Bg3 Bxg3 26. Qxe7+ Nxe7 27.
Rf7+ Kg6 28. Rxe7 Be5 29. Ne4 Kf5 30. Nc3 Kf4 31. Kf2 Bd4+ 32. Kf1 Be5 33. Rxb7
Ke3 34. Rf7 Kd3 35. Rf3+ 1/2-1/2

[Event "Copenhagen Chess Challenge 2011"]
[Site "Ballerup"]
[Date "2011.05.20"]
[Round "5"]
[White "Ivanov, Mikhail"]
[Black "Haubro, Sigfred"]
[Result "1/2-1/2"]
[WhiteElo "2424"]
[BlackElo "2149"]
[PlyCount "75"]
[EventDate "2011.??.??"]
[EventType "swiss"]
[EventRounds "9"]
[EventCountry "DEN"]

1. d4 d5 2. c4 e6 3. g3 f5 4. Bg2 Nf6 5. Nh3 Be7 6. Nd2 O-O 7. Nf3 c6 8. Qc2
Ne4 9. O-O Nd7 10. Nf4 Ndf6 11. Ne5 Nd6 12. b4 Nf7 13. Nfd3 Qe8 14. Rb1 Bd7 15.
b5 dxc4 16. Nxd7 cxd3 17. Nxf6+ Bxf6 18. Qxd3 cxb5 19. Ba3 Be7 20. Bxe7 Qxe7
21. Qxb5 Rab8 22. Rfc1 b6 23. Rc6 Rbd8 24. e3 Rd7 25. Rbc1 g6 26. a4 Kg7 27. h4
e5 28. d5 e4 29. h5 Rfd8 30. hxg6 hxg6 31. Re6 Qa3 32. Rcc6 Rxd5 33. Rxg6+ Kf8
34. Qc4 Ne5 35. Rcf6+ Ke7 36. Re6+ Kf8 37. Ref6+ Ke7 38. Re6+ 1/2-1/2

[Event "Copenhagen Chess Challenge 2011"]
[Site "Ballerup"]
[Date "2011.05.20"]
[Round "5"]
[White "Mikkelsen, Nikolaj"]
[Black "Eriksson, Christian Altenburg"]
[Result "1-0"]
[WhiteElo "2401"]
[BlackElo "2139"]
[PlyCount "83"]
[EventDate "2011.??.??"]
[EventType "swiss"]
[EventRounds "9"]
[EventCountry "DEN"]

1. e4 c5 2. Nf3 Nc6 3. Nc3 Nf6 4. Bb5 g6 5. e5 Ng4 6. Bxc6 dxc6 7. h3 Nh6 8. g4
Bg7 9. d3 O-O 10. Qe2 Qb6 11. b3 f6 12. Bb2 fxe5 13. Ng5 Nf7 14. Nxf7 Rxf7 15.
Ne4 Qc7 16. O-O-O a5 17. a4 Be6 18. c4 b5 19. Nxc5 Qd6 20. Ne4 Qb4 21. Qc2 bxa4
22. bxa4 Rb8 23. Bc3 Qb6 24. Rh2 Rff8 25. Qb2 Qa7 26. Qa3 Qb6 27. Kc2 Rfd8 28.
Rhh1 Qa7 29. Qc5 Qd7 30. Bxa5 Rf8 31. Bb6 Bd5 32. Rhe1 Bxe4 33. Rxe4 Rf3 34. h4
e6 35. a5 Bf8 36. Qxe5 Rxb6 37. axb6 Rxf2+ 38. Rd2 Rxd2+ 39. Kxd2 Bb4+ 40. Kc2
Qb7 41. Qxe6+ Kg7 42. Rd4 1-0

[Event "Copenhagen Chess Challenge 2011"]
[Site "Ballerup"]
[Date "2011.05.20"]
[Round "5"]
[White "Fries Nielsen, Jens Ove"]
[Black "Brondt, Nicolai Kvist"]
[Result "0-1"]
[WhiteElo "2386"]
[BlackElo "2151"]
[PlyCount "133"]
[EventDate "2011.??.??"]
[EventType "swiss"]
[EventRounds "9"]
[EventCountry "DEN"]

1. d4 d5 2. Bf4 Nf6 3. Nc3 Bf5 4. f3 e6 5. g4 Bg6 6. h4 h5 7. g5 Ng8 8. e3 Bd6
9. Nge2 Ne7 10. Qd2 Nd7 11. Bxd6 cxd6 12. Nf4 Rc8 13. Bd3 Bxd3 14. Qxd3 g6 15.
O-O-O Nb6 16. e4 Qc7 17. exd5 Nbxd5 18. Ncxd5 Nxd5 19. Nxd5 exd5 20. Rhe1+ Kd7
21. f4 Rhe8 22. f5 Qc4 23. Qxc4 dxc4 24. fxg6 fxg6 25. d5 c3 26. b3 Rxe1 27.
Rxe1 Rf8 28. Kd1 Rf5 29. Ke2 Rxd5 30. Rf1 Rd2+ 31. Ke3 Rxc2 32. Kd3 Rxa2 33.
Kxc3 Rh2 34. Rf4 Kc6 35. Rf6 Rxh4 36. Rxg6 Rg4 37. Rg7 h4 38. Rh7 b5 39. b4
Rxg5 40. Rxh4 Rg3+ 41. Kc2 Ra3 42. Rh5 Rg3 43. Rf5 Rg4 44. Kc3 Rc4+ 45. Kb3 Re4
46. Kc3 a6 47. Rh5 Re3+ 48. Kc2 Re5 49. Rh3 Re4 50. Kc3 Kd5 51. Rh5+ Re5 52.
Rh3 Rg5 53. Rd3+ Kc6 54. Rh3 Rg4 55. Rh5 Rc4+ 56. Kb3 Kd7 57. Rh6 Rc6 58. Rh7+
Ke6 59. Rh6+ Kf5 60. Rh5+ Kf6 61. Rh6+ Ke7 62. Rh7+ Kd8 63. Rh8+ Ke7 64. Rh7+
Kf6 65. Rh1 a5 66. bxa5 Kg5 67. Rg1+ 0-1

[Event "Copenhagen Chess Challenge 2011"]
[Site "Ballerup"]
[Date "2011.05.20"]
[Round "5"]
[White "Westerinen, Heikki"]
[Black "Knudsen, Jes West"]
[Result "1-0"]
[WhiteElo "2350"]
[BlackElo "1939"]
[PlyCount "49"]
[EventDate "2011.??.??"]
[EventType "swiss"]
[EventRounds "9"]
[EventCountry "DEN"]

1. e4 d5 2. exd5 Nf6 3. Nf3 Nxd5 4. d4 Bg4 5. Be2 Nc6 6. c4 Nb6 7. d5 Bxf3 8.
Bxf3 Ne5 9. Be2 c6 10. Qd4 Ng6 11. Nc3 e6 12. Qe4 Qd7 13. O-O Bb4 14. dxe6 Qxe6
15. Qxe6+ fxe6 16. Ne4 Be7 17. b3 O-O 18. Bg4 e5 19. g3 Rad8 20. Be3 h6 21.
Rad1 Rfe8 22. a4 Bb4 23. Bc5 Bxc5 24. Nxc5 Rb8 25. Bh5 1-0

[Event "Copenhagen Chess Challenge 2011"]
[Site "Ballerup"]
[Date "2011.05.20"]
[Round "5"]
[White "Fries Nielsen, Niels Jorgen"]
[Black "Lindgren, Philip"]
[Result "1/2-1/2"]
[WhiteElo "2326"]
[BlackElo "2126"]
[PlyCount "53"]
[EventDate "2011.??.??"]
[EventType "swiss"]
[EventRounds "9"]
[EventCountry "DEN"]

1. g3 d5 2. Bg2 Nf6 3. d3 Bg4 4. c4 c6 5. Qb3 Qd7 6. Nf3 Bxf3 7. Bxf3 e6 8. Bg5
Be7 9. O-O O-O 10. d4 Na6 11. Nc3 Nc7 12. Rac1 Rab8 13. a4 b6 14. Rfd1 Rfd8 15.
Bf4 Bd6 16. Be5 Qe7 17. e4 Nxe4 18. Bxe4 dxe4 19. Nxe4 Ne8 20. Qe3 f6 21. Nxd6
Nxd6 22. Bf4 Rb7 23. g4 Nf7 24. Re1 Re8 25. Qe4 Rd7 26. Rcd1 c5 27. dxc5
1/2-1/2

[Event "Copenhagen Chess Challenge 2011"]
[Site "Ballerup"]
[Date "2011.05.20"]
[Round "5"]
[White "Skovgaard, Ib"]
[Black "Rewitz, Poul"]
[Result "0-1"]
[WhiteElo "2012"]
[BlackElo "2289"]
[PlyCount "64"]
[EventDate "2011.??.??"]
[EventType "swiss"]
[EventRounds "9"]
[EventCountry "DEN"]

1. e4 c6 2. d4 d5 3. Nc3 b5 4. a3 dxe4 5. Nxe4 Bf5 6. Ng3 Bg6 7. h4 h6 8. Be2
e6 9. Nh3 Nf6 10. Nf4 Bh7 11. Bf3 Bd6 12. Qe2 O-O 13. Kf1 Qc7 14. Ngh5 Nbd7 15.
Rh3 Rae8 16. Qe3 e5 17. Nxg7 exf4 18. Nxe8 Rxe8 19. Qc3 Bf5 20. Rh1 Nd5 21.
Bxd5 cxd5 22. Qf3 Qxc2 23. Kg1 Qe4 24. Bd2 Qxf3 25. gxf3 Re2 26. Bc3 Nb6 27.
Kf1 Rc2 28. Rg1+ Kf8 29. Bb4 Bxb4 30. axb4 Rxb2 31. Rxa7 Bh3+ 32. Ke1 Rb1+ 0-1

[Event "Copenhagen Chess Challenge 2011"]
[Site "Ballerup"]
[Date "2011.05.20"]
[Round "5"]
[White "Haubro, Martin"]
[Black "Ootes, Lennart"]
[Result "1/2-1/2"]
[WhiteElo "2003"]
[BlackElo "2194"]
[PlyCount "111"]
[EventDate "2011.??.??"]
[EventType "swiss"]
[EventRounds "9"]
[EventCountry "DEN"]

1. e4 e5 2. Nf3 Nc6 3. Bc4 Nf6 4. d3 h6 5. c3 d6 6. Bb3 g6 7. h3 Bg7 8. O-O O-O
9. Re1 Nh5 10. d4 Qe8 11. Be3 Kh8 12. dxe5 Nxe5 13. Nxe5 Qxe5 14. Qd2 Kh7 15.
Na3 Bd7 16. Rad1 Bc6 17. Bd5 a6 18. Bxc6 bxc6 19. Bd4 Qe6 20. Bxg7 Nxg7 21. c4
Qe5 22. b3 Ne6 23. Nc2 a5 24. Nd4 Nxd4 25. Qxd4 Qxd4 26. Rxd4 c5 27. Rd5 Rfe8
28. Re3 Re6 29. e5 Ra6 30. exd6 cxd6 31. Red3 Kg7 32. g4 Kf6 33. f4 Ke7 34. Kf2
a4 35. f5 axb3 36. axb3 Ra2+ 37. Kg3 gxf5 38. Rxf5 Rae2 39. Rdf3 f6 40. Rh5
R6e3 41. Rxh6 Rxf3+ 42. Kxf3 Rb2 43. Rh7+ Ke6 44. Rb7 Ke5 45. Ke3 d5 46. Kd3 d4
47. Rb5 Kd6 48. b4 Rb3+ 49. Kc2 Rc3+ 50. Kd2 Rxc4 51. bxc5+ Kd5 52. Rb6 Rxc5
53. Rxf6 Rc3 54. h4 Rh3 55. h5 Ke4 56. Re6+ 1/2-1/2

[Event "Copenhagen Chess Challenge 2011"]
[Site "Ballerup"]
[Date "2011.05.20"]
[Round "5"]
[White "Hove, Esben Kjems"]
[Black "Nielsen, Jan Mose"]
[Result "1-0"]
[WhiteElo "2276"]
[BlackElo "2129"]
[PlyCount "55"]
[EventDate "2011.??.??"]
[EventType "swiss"]
[EventRounds "9"]
[EventCountry "DEN"]

1. d4 d5 2. c4 c6 3. Nc3 Nf6 4. Nf3 a6 5. c5 g6 6. Bf4 Bg7 7. e3 O-O 8. Be2 Re8
9. O-O Nbd7 10. h3 Nf8 11. Bh2 N6d7 12. Na4 f6 13. Qb3 Kh8 14. Rfd1 e5 15. dxe5
fxe5 16. e4 dxe4 17. Nd2 Qe7 18. Nxe4 Ne6 19. Nd6 Rf8 20. Qe3 Nf4 21. Bg4 Nd5
22. Qe2 Nxc5 23. Nxc8 Raxc8 24. Nxc5 Qxc5 25. Bxc8 Rxc8 26. Bxe5 Bxe5 27. Qxe5+
Kg8 28. Qe6+ 1-0

[Event "Copenhagen Chess Challenge 2011"]
[Site "Ballerup"]
[Date "2011.05.20"]
[Round "5"]
[White "Pedersen, Sven"]
[Black "Hansen, Lars"]
[Result "1/2-1/2"]
[WhiteElo "2125"]
[BlackElo "2246"]
[PlyCount "69"]
[EventDate "2011.??.??"]
[EventType "swiss"]
[EventRounds "9"]
[EventCountry "DEN"]

1. e4 g6 2. d4 Bg7 3. Nc3 c6 4. h3 d6 5. Nf3 b5 6. Bd3 Nd7 7. Be3 Bb7 8. Qd2
Qc7 9. O-O a6 10. a4 b4 11. Ne2 c5 12. c3 c4 13. Bb1 b3 14. a5 e5 15. Ng3 Ngf6
16. Qe2 Qc6 17. Nd2 Rc8 18. f4 O-O 19. Rf2 Qb5 20. Qf1 Ne8 21. Ne2 Nc7 22. fxe5
dxe5 23. dxe5 Nxe5 24. Nd4 Qe8 25. Nxc4 Nxc4 26. Qxc4 Bxe4 27. Qe2 Bxb1 28.
Rxb1 Nd5 29. Re1 Nxe3 30. Qxe3 Qa4 31. Ref1 Bxd4 32. cxd4 Rcd8 33. Rd1 Rd5 34.
Rf3 Qxa5 35. Qxb3 1/2-1/2

[Event "Copenhagen Chess Challenge 2011"]
[Site "Ballerup"]
[Date "2011.05.20"]
[Round "5"]
[White "Matthiesen, Martin"]
[Black "Brekka, Hanus"]
[Result "1-0"]
[WhiteElo "2242"]
[BlackElo "2101"]
[PlyCount "45"]
[EventDate "2011.??.??"]
[EventType "swiss"]
[EventRounds "9"]
[EventCountry "DEN"]

1. d4 d5 2. c4 e6 3. Nc3 Nf6 4. cxd5 exd5 5. Bg5 Be7 6. e3 O-O 7. Bd3 c6 8. Qc2
Nbd7 9. Nge2 Re8 10. O-O Nf8 11. f3 Nh5 12. Bxe7 Qxe7 13. e4 dxe4 14. fxe4 Qg5
15. e5 f6 16. Ne4 Qe3+ 17. Kh1 fxe5 18. Nd6 Re6 19. Nxc8 Rxc8 20. Bc4 exd4 21.
Qf5 Nf6 22. Nxd4 Nd5 23. Qf7+ 1-0

[Event "Copenhagen Chess Challenge 2011"]
[Site "Ballerup"]
[Date "2011.05.20"]
[Round "5"]
[White "Andersen, Rune Egede"]
[Black "Olsen, Peter Erik"]
[Result "1/2-1/2"]
[WhiteElo "2063"]
[BlackElo "2241"]
[PlyCount "29"]
[EventDate "2011.??.??"]
[EventType "swiss"]
[EventRounds "9"]
[EventCountry "DEN"]

1. e4 d5 2. exd5 Qxd5 3. Nf3 Bg4 4. Be2 Nf6 5. d4 e6 6. h3 Bh5 7. c4 Qa5+ 8.
Bd2 Bb4 9. Nc3 c6 10. a3 Bxc3 11. Bxc3 Qd8 12. Qb3 Qb6 13. Qd1 Nbd7 14. O-O O-O
15. Ne5 1/2-1/2

[Event "Copenhagen Chess Challenge 2011"]
[Site "Ballerup"]
[Date "2011.05.20"]
[Round "5"]
[White "Andersen, Morten"]
[Black "Grau, Peter"]
[Result "1/2-1/2"]
[WhiteElo "2181"]
[BlackElo "2101"]
[PlyCount "125"]
[EventDate "2011.??.??"]
[EventType "swiss"]
[EventRounds "9"]
[EventCountry "DEN"]

1. d4 d5 2. c4 dxc4 3. e4 Nf6 4. e5 Nd5 5. Bxc4 Nc6 6. Nc3 Nb6 7. Bb5 a6 8.
Bxc6+ bxc6 9. Nge2 Bf5 10. Ng3 Bg6 11. h4 h6 12. h5 Bh7 13. e6 fxe6 14. O-O e5
15. dxe5 Qxd1 16. Rxd1 e6 17. b3 Bb4 18. Bb2 Bxc3 19. Bxc3 a5 20. Rac1 Nd5 21.
Be1 Ra6 22. Rd4 O-O 23. Rdc4 Ne7 24. Ra4 Rfa8 25. Ne4 Bxe4 26. Rxe4 a4 27. b4
a3 28. Rd4 Nd5 29. Rdc4 Ne7 30. b5 cxb5 31. Rxc7 R8a7 32. R7c5 Rb7 33. Rb1 Rc6
34. Rcxb5 Rxb5 35. Rxb5 Rc1 36. Kf1 Nc6 37. Rb3 Nd4 38. Rc3 Ra1 39. Rc4 Nf5 40.
g4 Nh4 41. Rc3 Rxa2 42. Rc8+ Kh7 43. Ra8 Nf3 44. Bc3 Nh2+ 45. Kg2 Nxg4 46. Bd4
Rd2 47. Bc3 Rxf2+ 48. Kg3 Rc2 49. Rxa3 Ne3 50. Bb4 Nf5+ 51. Kf3 Rh2 52. Ra6
Rxh5 53. Bc5 Nh4+ 54. Ke4 Ng6 55. Rxe6 Rh4+ 56. Ke3 Rh3+ 57. Ke4 Rh4+ 58. Ke3
Rh1 59. Bd6 Re1+ 60. Kf2 Re2+ 61. Kf3 Re1 62. Kf2 Re4 63. Kf3 1/2-1/2

[Event "Copenhagen Chess Challenge 2011"]
[Site "Ballerup"]
[Date "2011.05.20"]
[Round "5"]
[White "Kvisvik, Brede"]
[Black "Salomon, Johan"]
[Result "0-1"]
[WhiteElo "2175"]
[BlackElo "1917"]
[PlyCount "90"]
[EventDate "2011.??.??"]
[EventType "swiss"]
[EventRounds "9"]
[EventCountry "DEN"]

1. e4 c5 2. Nf3 d6 3. d4 cxd4 4. Nxd4 Nf6 5. Nc3 a6 6. Bg5 Nbd7 7. f4 Qc7 8.
Qf3 h6 9. Bxf6 Nxf6 10. Nd5 Nxd5 11. exd5 g5 12. f5 Bg7 13. O-O-O Bd7 14. g4
Rc8 15. Qe4 Bf6 16. Kb1 Kf8 17. c3 Kg7 18. Bd3 Qb6 19. Ka1 Qa5 20. Rc1 Rc7 21.
Rhg1 Qb6 22. Rgf1 Rcc8 23. Rc2 Qa5 24. Rfc1 Ba4 25. Rf2 Qb6 26. Rcf1 Qa5 27.
Ne6+ Kg8 28. Bb1 Bb3 29. Nd4 Bxd5 30. Qe3 b5 31. Rc1 Kg7 32. Qd2 Bb7 33. Ne2
Kf8 34. Ng3 Be5 35. f6 e6 36. Nh5 Bd5 37. h3 Rc4 38. a3 b4 39. Ba2 bxc3 40. Qe3
cxb2+ 41. Rxb2 Rxc1+ 42. Qxc1 Qc3 43. Qxc3 Bxc3 44. Bxd5 exd5 45. Ng7 Bxf6 0-1

[Event "Copenhagen Chess Challenge 2011"]
[Site "Ballerup"]
[Date "2011.05.20"]
[Round "5"]
[White "Tandrup, Michael"]
[Black "Schmidt, Tommy B"]
[Result "0-1"]
[WhiteElo "1963"]
[BlackElo "2143"]
[PlyCount "76"]
[EventDate "2011.??.??"]
[EventType "swiss"]
[EventRounds "9"]
[EventCountry "DEN"]

1. d4 Nf6 2. Nf3 g6 3. g3 Bg7 4. Bg2 O-O 5. O-O d6 6. c4 Nc6 7. d5 Na5 8. Qa4
c5 9. Nfd2 a6 10. Nb3 Nxb3 11. Qxb3 b5 12. Nc3 Bd7 13. cxb5 axb5 14. Qd1 b4 15.
Ne4 Qb6 16. Nd2 Bb5 17. Re1 Nd7 18. Nf3 Ra7 19. a3 bxa3 20. Rxa3 Rb8 21. Rxa7
Qxa7 22. b3 Qa2 23. Bg5 Kf8 24. e4 Ba6 25. Nd2 h6 26. Bf4 Bd3 27. Bf1 Bc2 28.
Qc1 g5 29. Be3 Ne5 30. f4 Ng4 31. Kg2 Bxe4+ 32. Kh3 Bf5 33. Kg2 Rxb3 34. Bc4
Nxe3+ 35. Rxe3 Rb1 36. Bxa2 Rxc1 37. Bb3 Bd4 38. Rf3 Rg1# 0-1

[Event "Copenhagen Chess Challenge 2011"]
[Site "Ballerup"]
[Date "2011.05.20"]
[Round "5"]
[White "Rostgaard, Tobias Valentin"]
[Black "Skytte, Torill"]
[Result "1/2-1/2"]
[WhiteElo "2207"]
[BlackElo "1992"]
[PlyCount "106"]
[EventDate "2011.??.??"]
[EventType "swiss"]
[EventRounds "9"]
[EventCountry "DEN"]

1. d4 d5 2. c4 e6 3. Nf3 c5 4. cxd5 exd5 5. g3 Nc6 6. Bg2 Nf6 7. O-O Be7 8. Nc3
O-O 9. Bg5 Be6 10. e3 h6 11. Bxf6 Bxf6 12. dxc5 Bxc3 13. bxc3 Qa5 14. Qd2 Qxc5
15. Nd4 Ne5 16. Nxe6 fxe6 17. Qd4 Nf3+ 18. Bxf3 Qxd4 19. cxd4 Rxf3 20. Rab1 b6
21. Rfc1 Raf8 22. Rb2 R8f7 23. Rc6 Re7 24. a4 e5 25. dxe5 Rxe5 26. Rd6 Rf6 27.
Rxf6 gxf6 28. a5 bxa5 29. Rb8+ Kf7 30. Rb7+ Re7 31. Rb5 Ke6 32. Rxa5 Ke5 33.
Kg2 Ke4 34. Ra4+ Ke5 35. f4+ Kd6 36. Kf3 Kc5 37. Ra6 Rf7 38. Kg4 Kb5 39. Ra3 a5
40. Kf5 Kb4 41. Rd3 a4 42. Rxd5 a3 43. e4 a2 44. Rd1 Ra7 45. Ra1 Ra6 46. g4 Kc3
47. h4 Kb2 48. Re1 Rc6 49. e5 fxe5 50. fxe5 Rc1 51. Re2+ Rc2 52. Re1 Rc1 53.
Re2+ Rc2 1/2-1/2

[Event "Copenhagen Chess Challenge 2011"]
[Site "Ballerup"]
[Date "2011.05.20"]
[Round "5"]
[White "Poulsen, Iver"]
[Black "Andersen, Kim Nyvang"]
[Result "1/2-1/2"]
[WhiteElo "2100"]
[BlackElo "1931"]
[PlyCount "136"]
[EventDate "2011.??.??"]
[EventType "swiss"]
[EventRounds "9"]
[EventCountry "DEN"]

1. e4 c5 2. Nc3 Nc6 3. Nge2 Nf6 4. d4 cxd4 5. Nxd4 e5 6. Ndb5 d6 7. Bg5 a6 8.
Na3 b5 9. Bxf6 gxf6 10. Nd5 f5 11. c3 Bg7 12. exf5 Bxf5 13. Nc2 O-O 14. Nce3
Be6 15. Bd3 f5 16. O-O Ne7 17. Nxe7+ Qxe7 18. Bxf5 Bf7 19. Qd3 h6 20. Be4 Rad8
21. Bd5 Bxd5 22. Qxd5+ Kh8 23. Rad1 Qc7 24. Rd2 Rf6 25. Qb3 Rg6 26. Rfd1 Rg8
27. a4 bxa4 28. Qxa4 Qb7 29. g3 Bf8 30. Qc4 Be7 31. Qd5 Qa7 32. Re2 Rf6 33. b4
Rb8 34. Qd3 Bf8 35. Ra1 Ra8 36. Rea2 Qf7 37. Qd5 Qa7 38. Qc6 Rd8 39. Rxa6 Qf7
40. Ra7 Qg6 41. Qd5 Rc8 42. c4 h5 43. b5 h4 44. Qg2 Rb8 45. b6 hxg3 46. hxg3
Qd3 47. b7 e4 48. Qh3+ Kg8 49. Rd1 Qe2 50. Rf1 Rf7 51. Qe6 Qh5 52. Qxe4 Rh7 53.
Qd5+ Qxd5 54. cxd5 Rbxb7 55. Rxb7 Rxb7 56. Kg2 Kf7 57. f4 Rb3 58. Kf3 Kf6 59.
g4 Bg7 60. Re1 Kg6 61. g5 Bd4 62. Ke4 Bc5 63. Ng4 Rb4+ 64. Kf3 Rb3+ 65. Ne3 Rd3
66. Ke4 Rd4+ 67. Kf3 Rd3 68. Ke4 Rd4+ 1/2-1/2

[Event "Copenhagen Chess Challenge 2011"]
[Site "Ballerup"]
[Date "2011.05.20"]
[Round "5"]
[White "Holtzmann, Sonny"]
[Black "Olsen, Aage"]
[Result "0-1"]
[WhiteElo "1659"]
[BlackElo "2005"]
[PlyCount "22"]
[EventDate "2011.??.??"]
[EventType "swiss"]
[EventRounds "9"]
[EventCountry "DEN"]

1. d4 Nf6 2. Nf3 d5 3. Bf4 c5 4. c3 e6 5. e3 Nc6 6. Nbd2 Bd6 7. Ne5 Qc7 8. Ndf3
Ne4 9. Bb5 f6 10. Nd3 cxd4 11. exd4 Bxf4 0-1

[Event "Copenhagen Chess Challenge 2011"]
[Site "Ballerup"]
[Date "2011.05.20"]
[Round "5"]
[White "Christensen, Casper"]
[Black "Molvig, Julius"]
[Result "1-0"]
[WhiteElo "1948"]
[BlackElo "1830"]
[PlyCount "65"]
[EventDate "2011.??.??"]
[EventType "swiss"]
[EventRounds "9"]
[EventCountry "DEN"]

1. e4 c5 2. Nf3 e6 3. d4 cxd4 4. Nxd4 a6 5. c4 Nf6 6. Nc3 Qc7 7. a3 Be7 8. f4
d6 9. Be2 O-O 10. O-O Nbd7 11. b4 b5 12. Qb3 bxc4 13. Bxc4 Qa7 14. Be3 Ng4 15.
Nce2 Nxe3 16. Qxe3 Nb6 17. Nc6 Nxc4 18. Qxa7 Rxa7 19. Nxa7 Bb7 20. Rfc1 d5 21.
Nd4 Bd6 22. g3 Bc7 23. Nac6 Bb6 24. Kh1 Kh8 25. exd5 exd5 26. Re1 h6 27. Re7
Ba8 28. a4 Bxc6 29. Nxc6 f6 30. Rd7 Ne3 31. a5 Nc2 32. axb6 Nxa1 33. b7 1-0

[Event "Copenhagen Chess Challenge 2011"]
[Site "Ballerup"]
[Date "2011.05.20"]
[Round "5"]
[White "Lodahl, Holger"]
[Black "Haagen Larsen, Hans"]
[Result "1-0"]
[WhiteElo "1939"]
[BlackElo "1745"]
[PlyCount "49"]
[EventDate "2011.??.??"]
[EventType "swiss"]
[EventRounds "9"]
[EventCountry "DEN"]

1. d4 g6 2. c4 Bg7 3. Nc3 d6 4. Nf3 Nc6 5. g3 Bd7 6. Bg2 e5 7. Bg5 f6 8. Be3 f5
9. d5 Nce7 10. O-O h6 11. Qb3 c5 12. dxc6 Bxc6 13. Rfd1 e4 14. Nd4 Qd7 15. Ncb5
Nc8 16. Bf4 Bxb5 17. Nxb5 Bf8 18. c5 g5 19. Be5 Rh7 20. cxd6 Rf7 21. Nc7+ Kd8
22. Nxa8 Bg7 23. Bxg7 Rxg7 24. Rac1 Qf7 25. d7 1-0

[Event "Copenhagen Chess Challenge 2011"]
[Site "Ballerup"]
[Date "2011.05.20"]
[Round "5"]
[White "Petrovski, Petruli"]
[Black "Andreasen, Rene"]
[Result "1/2-1/2"]
[WhiteElo "1826"]
[BlackElo "1847"]
[PlyCount "35"]
[EventDate "2011.??.??"]
[EventType "swiss"]
[EventRounds "9"]
[EventCountry "DEN"]

1. e4 d6 2. d4 Nf6 3. Nc3 e5 4. dxe5 dxe5 5. Qxd8+ Kxd8 6. Bg5 Be6 7. Nf3 Nbd7
8. O-O-O h6 9. Bxf6+ gxf6 10. Nd5 Kc8 11. Nh4 c6 12. Nc3 Bc5 13. f3 Kc7 14. Kb1
Rad8 15. a3 Nf8 16. Rxd8 Kxd8 17. Be2 Ng6 18. Nxg6 1/2-1/2